[Event "FIDE World Rapid Team"]
[Site "Almaty KAZ"]
[Date "2024.08.03"]
[Round "5.18"]
[White "Kabinazar, Nurmukhammed"]
[Black "Mero, Aghiad."]
[Result "1/2-1/2"]
[WhiteElo "2002"]
[BlackElo "1817"]
[WhiteTeam "Kazchess"]
[BlackTeam "GMHans.com"]
[WhiteFideId "13750186"]
[BlackFideId "7608420"]
[EventDate "2024.08.02"]

1. e4 c5 2. Nf3 Nc6 3. Bb5 Nf6 4. Qe2 g6 5. Bxc6 dxc6 6. d3 Bg7 7. h3 Qc7 8. O-O
O-O 9. a4 b5 10. Nc3 Rb8 11. axb5 cxb5 12. e5 Ne8 13. Nd5 Qb7 14. c4 Be6 15. Nc3
bxc4 16. dxc4 Nc7 17. Nd2 Bd7 18. Nde4 Ne6 19. f4 Bc6 20. Re1 Rfd8 21. Qf2 Rbc8
22. Ra5 Qb6 23. Ra1 Rd4 24. Nd2 Rxf4 25. Qg3 Rd4 26. Ne2 Rd7 27. Ra3 Rcd8 28.
Rb3 Qc7 29. Nf3 Rd3 30. Rxd3 Rxd3 31. Nf4 Nxf4 32. Qxf4 Qd7 33. e6 fxe6 34. Ng5
Qd4+ 35. Kh1 Qxf4 36. Bxf4 Bf6 37. Rxe6 Bd7 38. Re2 Rd4 39. Ne4 Rxc4 40. Bh6 Kf7
41. Ng5+ Bxg5 42. Bxg5 Be6 43. Rf2+ Ke8 44. Re2 Kd7 45. Kg1 Rd4 46. Kf2 a5 47.
Be3 Rd5 48. Rc2 Kc6 49. Rc3 Rf5+ 50. Ke1 Kb5 51. Kd2 Rd5+ 52. Ke1 Bf5 53. Rb3+
Kc6 54. Ra3 c4 55. Bd2 Kb6 56. b3 cxb3 57. Rxb3+ Kc6 58. Ra3 Kb6 59. Re3 Rd7 60.
Ra3 Rxd2 61. Kxd2 Kb5 62. Kc3 Be4 63. g3 e5 64. Rb3+ Kc5 65. Ra3 Kb5 66. Rb3+
Kc5 67. Rb8 h5 68. Re8 Kd5 69. Ra8 Bg2 70. Rxa5+ Ke4 71. h4 Kf5 72. Kd3 Kg4 73.
Rxe5 Kxg3 74. Rg5+ Kh3 75. Ke3 Bf1 76. Rxg6 Kxh4 77. Kf4 Kh3 78. Kg5 Be2 79. Re6
Bg4 80. Re3+ Kg2 81. Kf4 Kf2 82. Ra3 Ke2 83. Ke4 Kd2 84. Ra2+ Kc3 85. Ke3 Kc4
86. Rc2+ Kd5 87. Ra2 Kc4 88. Ra4+ Kd5 89. Rd4+ Ke5 90. Ra4 Kd5 91. Kd3 Ke5 92.
Rd4 Kf5 93. Re4 Kg5 94. Ke3 Kf5 95. Ra4 Ke5 96. Ra5+ Kd6 97. Kd4 Kc6 98. Rg5 Kd7
99. Ke5 Kc6 100. Kd4 Kd7 101. Rg6 Ke7 102. Ke5 Kd7 103. Rd6+ Ke7 104. Ra6 Kf7
105. Rb6 Kg7 106. Rf6 Kg8 107. Kf4 Kh8 108. Rf7 Kg8 109. Ra7 Kf8 110. Ke5 Ke8
111. Kd6 Kf8 112. Re7 Bf5 113. Rb7 Bg4 114. Re7 Bf5 115. Re1 Bg4 116. Rf1+ Kg7
117. Ke5 Kg6 118. Rf8 Kg7 119. Rf6 Kg8 120. Kf4 Kh8 121. Kg5 Kg7 122. Rf2 Bd1
123. Rf6 Bg4 124. Rf1 Be2 125. Re1 Bg4 126. Re7+ Kf8 127. Kf6 Bf3 128. Re3 Bg4 1/2-1/2

[Event "FIDE World Rapid Team"]
[Site "Almaty KAZ"]
[Date "2024.08.03"]
[Round "5.2"]
[White "Gareyev, Timur"]
[Black "Sadhwani, Raunak"]
[Result "1/2-1/2"]
[WhiteTitle "GM"]
[BlackTitle "GM"]
[WhiteElo "2541"]
[BlackElo "2653"]
[WhiteTeam "Q4Rail Kingsofchess Krakow"]
[BlackTeam "Team MGD1"]
[WhiteFideId "14200937"]
[BlackFideId "35093487"]
[EventDate "2024.08.02"]

1. d4 Nf6 2. c4 e6 3. Nf3 b6 4. Nc3 Bb4 5. e3 Bb7 6. Bd3 Ne4 7. O-O Bxc3 8. bxc3
O-O 9. Nd2 Nxd2 10. Bxd2 Nc6 11. e4 Ba6 12. f4 d5 13. f5 exf5 14. exd5 Na5 15.
Bxf5 Nxc4 16. Bf4 g6 17. Bh6 Re8 18. Qf3 Nd6 19. Bd3 Bxd3 20. Qxd3 b5 21. a4 a6
22. Bf4 Nc4 23. Qf3 Qd7 24. axb5 axb5 25. Rxa8 Rxa8 26. d6 c6 27. Be5 f5 28. Qf4
Re8 29. g4 Nxd6 30. Qh6 fxg4 31. Rf6 Nf5 32. Rxf5 gxf5 33. Qg5+ Kf8 34. Qh6+ Kg8
35. Qg5+ 1/2-1/2

[Event "FIDE World Rapid Team"]
[Site "Almaty KAZ"]
[Date "2024.08.03"]
[Round "5.3"]
[White "Pranav, V"]
[Black "Bernadskiy, Vitaliy"]
[Result "1-0"]
[WhiteTitle "GM"]
[BlackTitle "GM"]
[WhiteElo "2598"]
[BlackElo "2530"]
[WhiteTeam "Team MGD1"]
[BlackTeam "Q4Rail Kingsofchess Krakow"]
[WhiteFideId "25060783"]
[BlackFideId "14100371"]
[EventDate "2024.08.02"]

1. e4 d6 2. d4 Nf6 3. Nc3 Nbd7 4. Nf3 e5 5. Bc4 Be7 6. O-O O-O 7. Re1 c6 8. a4
h6 9. h3 Re8 10. b3 exd4 11. Nxd4 Bf8 12. Bb2 a5 13. Bf1 d5 14. exd5 Rxe1 15.
Qxe1 Nb6 16. Rd1 Nbxd5 17. Nxd5 Qxd5 18. Nf3 Qe6 19. Qd2 Qe7 20. Bc4 Be6 21. Re1
Nd5 22. Nd4 Qf6 23. Qc1 Ba3 24. Bxa3 Qxd4 25. Bb2 Qf4 26. Qd1 Qg5 27. Re5 Qg6
28. Bd3 Qf6 29. Ba1 Qf4 30. c4 Nb4 31. g3 Qf6 32. Rxa5 Qd8 33. Rxa8 Qxa8 34. Bf1
Bf5 35. Bc3 Qf8 36. Qd2 Na6 37. b4 Be6 38. b5 Nc5 39. Bb4 Ne4 40. Qe1 c5 41. Bd2
Nd6 42. Qc1 Nf5 43. Be3 Qa8 44. Bxc5 Qxa4 45. Bd3 g6 46. Kg2 Qb3 47. Be2 Qa2 48.
Bd3 Qb3 49. Bf1 Kh7 50. Bf8 Kg8 51. Bc5 Kh7 52. Qf4 Qc2 53. h4 Bd5+ 54. Kh2 Qd1
55. cxd5 Qxf1 56. Qc7 Kg7 57. Qe5+ Kh7 58. Qe8 Qc4 59. Qxf7+ Kh8 60. Bb6 Qxb5
61. Bd8 1-0

[Event "FIDE World Rapid Team"]
[Site "Almaty KAZ"]
[Date "2024.08.03"]
[Round "5.4"]
[White "Gumularz, Szymon"]
[Black "Adhiban, Baskaran"]
[Result "1/2-1/2"]
[WhiteTitle "GM"]
[BlackTitle "GM"]
[WhiteElo "2571"]
[BlackElo "2532"]
[WhiteTeam "Q4Rail Kingsofchess Krakow"]
[BlackTeam "Team MGD1"]
[WhiteFideId "1188062"]
[BlackFideId "5018471"]
[EventDate "2024.08.02"]

1. c4 e6 2. Nf3 d5 3. g3 d4 4. Bg2 Nc6 5. O-O Nf6 6. d3 Bc5 7. Nbd2 O-O 8. Nb3
Be7 9. h3 e5 10. e3 dxe3 11. Bxe3 a5 12. d4 a4 13. dxe5 Qxd1 14. Rfxd1 axb3 15.
exf6 Bxf6 16. axb3 Rxa1 17. Rxa1 Bxb2 18. Ra2 Bf6 19. Nd2 Re8 20. Bxc6 bxc6 21.
Ra8 Kf8 22. g4 h5 23. Bc5+ Be7 24. Bxe7+ Kxe7 25. f3 hxg4 26. hxg4 f5 27. gxf5
Bxf5 28. Rxe8+ Kxe8 29. b4 Ke7 30. Kf2 Kd6 31. Ke3 c5 32. b5 Bc2 33. Ne4+ Bxe4
34. Kxe4 Ke6 35. Kf4 Kf6 1/2-1/2

[Event "FIDE World Rapid Team"]
[Site "Almaty KAZ"]
[Date "2024.08.03"]
[Round "5.5"]
[White "Dronavalli, Harika"]
[Black "Kulon, Klaudia"]
[Result "1-0"]
[WhiteTitle "GM"]
[BlackTitle "IM"]
[WhiteElo "2502"]
[BlackElo "2415"]
[WhiteTeam "Team MGD1"]
[BlackTeam "Q4Rail Kingsofchess Krakow"]
[WhiteFideId "5015197"]
[BlackFideId "1131044"]
[EventDate "2024.08.02"]

1. Nf3 Nf6 2. c4 e6 3. Nc3 d5 4. e3 Be7 5. b3 O-O 6. Bb2 c5 7. cxd5 exd5 8. d4
b6 9. Be2 Nc6 10. O-O Bb7 11. Rc1 Rc8 12. Bd3 cxd4 13. exd4 Bb4 14. Bf5 Rc7 15.
Nb5 Re7 16. a3 Bd6 17. Nxd6 Qxd6 18. Ne5 g6 19. Bd3 Nh5 20. Qd2 f6 21. Nxc6 Bxc6
22. Bc3 a5 23. b4 Rfe8 24. bxa5 bxa5 25. Bxa5 Qd7 26. Bb4 Re6 27. Rfe1 Rxe1+ 28.
Rxe1 Rxe1+ 29. Qxe1 Nf4 30. Bf1 Bb5 31. Bxb5 Qxb5 32. Qe7 Qb8 33. g3 Nd3 34.
Qe6+ Kg7 35. Qe7+ Kg8 36. Qxf6 Nxb4 37. Qe6+ Kg7 38. axb4 Qxb4 39. Qxd5 Kh6 40.
h4 Qb1+ 41. Kg2 Kg7 42. Qe5+ Kf7 43. d5 Qb7 44. Kh2 Qa7 45. Qe3 Qb8 46. Qe6+ Kg7
47. Qe7+ Kg8 48. d6 Qb6 49. Qf6 Qa7 50. Qd8+ Kf7 51. Qc7+ 1-0

[Event "FIDE World Rapid Team"]
[Site "Almaty KAZ"]
[Date "2024.08.03"]
[Round "5.7"]
[White "Makhnev, Denis"]
[Black "Nihal, Sarin"]
[Result "0-1"]
[WhiteTitle "GM"]
[BlackTitle "GM"]
[WhiteElo "2551"]
[BlackElo "2668"]
[WhiteTeam "Astana-1"]
[BlackTeam "Ashdod Chess Club"]
[WhiteFideId "13707647"]
[BlackFideId "25092340"]
[EventDate "2024.08.02"]

1. d4 Nf6 2. c4 e6 3. Nc3 Bb4 4. Qc2 h6 5. a3 Bxc3+ 6. Qxc3 b6 7. f3 d5 8. cxd5
exd5 9. e3 O-O 10. Bd3 Ba6 11. Bxa6 Nxa6 12. Ne2 c5 13. O-O Re8 14. Bd2 Rc8 15.
Rac1 Qd7 16. Qd3 c4 17. Qc2 Nc7 18. Rce1 b5 19. Ng3 Ne6 20. Bc3 h5 21. Qf5 h4
22. Nh5 Nxh5 23. Qxh5 Qd8 24. f4 g6 25. Qh6 Ng7 26. e4 Rxe4 27. Rxe4 Nf5 28. Qg5
dxe4 29. Re1 Qd5 30. Qf6 Re8 31. Qa6 e3 32. h3 Re7 33. a4 bxa4 34. Qxa4 e2 35.
Qb4 Qe4 36. d5 Qe3+ 37. Kh2 Qxf4+ 38. Kg1 Qe3+ 39. Kh2 Qg3+ 40. Kg1 Ne3 41. Rxe2
Ng4 42. Qc5 Qh2+ 43. Kf1 Qf4+ 44. Kg1 Qc1+ 0-1

[Event "FIDE World Rapid Team"]
[Site "Almaty KAZ"]
[Date "2024.08.03"]
[Round "5.8"]
[White "Eljanov, Pavel"]
[Black "Urazayev, Arystanbek"]
[Result "1-0"]
[WhiteTitle "GM"]
[BlackTitle "IM"]
[WhiteElo "2672"]
[BlackElo "2466"]
[WhiteTeam "Ashdod Chess Club"]
[BlackTeam "Astana-1"]
[WhiteFideId "14102951"]
[BlackFideId "13709810"]
[EventDate "2024.08.02"]

1. d4 Nf6 2. c4 e6 3. Nc3 d5 4. cxd5 exd5 5. Bg5 c6 6. e3 h6 7. Bh4 Be7 8. Bd3
O-O 9. Nge2 Ne8 10. Bg3 Nd6 11. Qc2 Re8 12. O-O Bf8 13. h3 a5 14. Kh1 Na6 15. a3
Nc7 16. Ng1 b5 17. Nf3 Nc4 18. a4 b4 19. Ne2 Ba6 20. Rac1 Ne6 21. Nf4 Nxf4 22.
Bxf4 Bb7 23. b3 Nd6 24. Ne5 Rc8 25. Qe2 Ne4 26. Rc2 c5 27. dxc5 Rxc5 28. Bxe4
dxe4 29. Rxc5 Bxc5 30. Qb5 Qe7 31. Qxa5 Bd6 32. Nc4 Bxf4 33. exf4 Rd8 34. Ne3
Rd3 35. Rc1 Rxb3 36. Rc7 Rb1+ 37. Kh2 Qd6 38. Qe5 Qxe5 39. fxe5 Ba6 40. Rc6 Bd3
41. Rb6 b3 42. a5 b2 43. Kg3 Ra1 44. Rxb2 Rxa5 45. Kf4 g5+ 46. Kf5 Kg7 47. g3
Ra6 48. h4 gxh4 49. gxh4 h5 50. Kf4 Kh7 51. Rb7 Ra2 52. e6 Rxf2+ 53. Ke5 Ra2 54.
Nf5 Ra5+ 55. Kf6 Rxf5+ 56. Kxf5 e3+ 57. Kf6 Be4 58. exf7 1-0

[Event "FIDE World Rapid Team"]
[Site "Almaty KAZ"]
[Date "2024.08.03"]
[Round "5.9"]
[White "Zhalmakhanov, Ramazan"]
[Black "Volokitin, Andrei"]
[Result "1/2-1/2"]
[WhiteTitle "IM"]
[BlackTitle "GM"]
[WhiteElo "2497"]
[BlackElo "2667"]
[WhiteTeam "Astana-1"]
[BlackTeam "Ashdod Chess Club"]
[WhiteFideId "13706357"]
[BlackFideId "14107090"]
[EventDate "2024.08.02"]

1. e4 c5 2. Nf3 d6 3. d4 cxd4 4. Nxd4 Nf6 5. Nc3 a6 6. h3 e5 7. Nb3 Be7 8. g4 h6
9. Be3 b5 10. a4 bxa4 11. Rxa4 Bd7 12. Ra1 Nc6 13. Bg2 O-O 14. O-O Qb8 15. Qd2
Rc8 16. Na4 Bd8 17. Rfd1 Nb4 18. Nc3 a5 19. Nc1 Bb6 20. Bxb6 Qxb6 21. N1e2 Rab8
22. Qxd6 Nxc2 23. Qxb6 Rxb6 24. Rxa5 Re8 25. f4 Ne3 26. Rd2 Nc4 27. fxe5 Nxd2
28. exf6 Rxb2 29. fxg7 Nc4 30. Rc5 Ne3 31. Bf3 Kxg7 32. Kf2 Nc2 33. Nd1 Ra2 34.
Ndc3 Nb4 35. Rc7 Rd2 36. Nd5 Nxd5 37. Rxd7 Rxe2+ 38. Bxe2 Nf6 39. Ra7 Nxe4+ 40.
Kg2 Ng5 41. Bc4 Kf6 42. h4 Ne6 43. Ra5 Rd8 44. Rf5+ Kg7 45. Kg3 Rd4 46. Bf1 Rb4
47. Rf3 Nd4 48. Rf4 Rb3+ 49. Kf2 Ne6 50. Rf3 Rb4 51. Kg3 Nc5 52. Rf4 Ne4+ 53.
Kh2 Rb2+ 54. Bg2 Nf6 55. Kg3 Rb3+ 56. Bf3 Nd7 57. Re4 Nc5 58. Re5 Ne6 59. Re4
Nf8 60. Ra4 Ng6 61. h5 Ne5 62. Rf4 Rc3 63. Rf5 Nxf3 64. Rxf3 Rc4 1/2-1/2

[Event "FIDE World Rapid Team"]
[Site "Almaty KAZ"]
[Date "2024.08.03"]
[Round "5.10"]
[White "Smirin, Ilia"]
[Black "Kamalidenova, Meruert"]
[Result "0-1"]
[WhiteTitle "GM"]
[BlackTitle "IM"]
[WhiteElo "2575"]
[BlackElo "2352"]
[WhiteTeam "Ashdod Chess Club"]
[BlackTeam "Astana-1"]
[WhiteFideId "2801990"]
[BlackFideId "13712802"]
[EventDate "2024.08.02"]

1. e4 c5 2. Nf3 Nc6 3. Bb5 d6 4. c3 Bd7 5. d4 a6 6. Be2 Nf6 7. d5 Nb8 8. Nbd2 g6
9. h3 Bg7 10. O-O b5 11. Re1 O-O 12. Bf1 a5 13. c4 bxc4 14. Nxc4 Bb5 15. a4 Bxc4
16. Bxc4 Nfd7 17. h4 Na6 18. h5 Nb4 19. hxg6 hxg6 20. Ra3 Nb6 21. Bf1 Qd7 22.
Ng5 Rab8 23. g3 c4 24. Bh3 Qc7 25. Qg4 Bf6 26. Qh4 Bxg5 27. Bxg5 Rb7 28. Kg2 Qc5
29. Rh1 Qd4 30. Bc8 Rxc8 31. Qh7+ Kf8 32. Rf3 Ke8 33. Qxf7+ Kd8 34. Rh7 N6xd5
35. exd5 Nxd5 36. Qxg6 Qe5 37. Bd2 Rxb2 38. Bxa5+ Kd7 39. Qg4+ Qe6 40. Qd4 Rb7
41. Rh5 Rc5 42. Rff5 Ne3+ 43. Qxe3 Rxf5 44. Rxf5 Qxf5 45. Bc3 Qd5+ 46. Kh2 Qd3 0-1

[Event "FIDE World Rapid Team"]
[Site "Almaty KAZ"]
[Date "2024.08.03"]
[Round "5.11"]
[White "Agmanov, Zhandos"]
[Black "Khotenashvili, Bella"]
[Result "1-0"]
[WhiteTitle "IM"]
[BlackTitle "GM"]
[WhiteElo "2458"]
[BlackElo "2427"]
[WhiteTeam "Astana-1"]
[BlackTeam "Ashdod Chess Club"]
[WhiteFideId "13708309"]
[BlackFideId "13602640"]
[EventDate "2024.08.02"]

1. e4 c6 2. Nf3 d5 3. d3 dxe4 4. dxe4 Qxd1+ 5. Kxd1 Nf6 6. Nbd2 g6 7. Ne5 Bg7 8.
Nd3 h5 9. f3 h4 10. c3 Na6 11. Kc2 Nh5 12. Nb3 Nc7 13. Bg5 Bf6 14. Be3 b6 15. a4
c5 16. Nd2 Be6 17. Rg1 g5 18. g4 hxg3 19. hxg3 O-O-O 20. a5 Kb7 21. g4 Ng7 22.
e5 c4 23. exf6 cxd3+ 24. Bxd3 exf6 25. Bd4 Nge8 26. axb6 axb6 27. Rh1 Rxh1 28.
Rxh1 Bd5 29. Rh6 Rd6 30. Ne4 Re6 31. c4 Bc6 32. Nd2 Rd6 33. Bc3 Ne6 34. Ne4 Bxe4
35. Bxe4+ Kc7 36. Rh7 Rd7 37. b4 Nf4 38. c5 bxc5 39. bxc5 Nd5 40. Bxd5 Rxd5 41.
Rxf7+ Kc6 42. Rf8 Nc7 43. Bb4 Kb5 44. Ba3 Ne6 45. Rxf6 Nd4+ 46. Kd3 Nc6+ 47. Ke3
Re5+ 48. Kf2 Nd4 49. Rb6+ Kc4 50. Rb4+ Kxc5 51. Rxd4+ Kxd4 52. Bb2+ Kd5 53. Bxe5
Kxe5 54. Ke3 Kd5 55. f4 gxf4+ 56. Kxf4 Ke6 57. Kg5 Kf7 58. Kh6 Kg8 59. g5 Kh8
60. g6 Kg8 61. g7 1-0

[Event "FIDE World Rapid Team"]
[Site "Almaty KAZ"]
[Date "2024.08.03"]
[Round "5.12"]
[White "Tanikin, Isabek"]
[Black "Naimanov, Rinat"]
[Result "1-0"]
[WhiteElo "1952"]
[BlackElo "1749"]
[WhiteTeam "Ashdod Chess Club"]
[BlackTeam "Astana-1"]
[WhiteFideId "13728717"]
[BlackFideId "13785109"]
[EventDate "2024.08.02"]

1. e4 e5 2. Nf3 Nc6 3. d4 exd4 4. Nxd4 Nf6 5. Nxc6 bxc6 6. e5 Qe7 7. Qe2 Nd5 8.
c4 Nb6 9. Nc3 Ba6 10. Qe4 Qe6 11. c5 Bxf1 12. cxb6 Ba6 13. bxc7 d5 14. Qa4 Bc4
15. Be3 a5 16. O-O-O Bb4 17. Bd4 O-O 18. a3 c5 19. axb4 axb4 20. Bxc5 Rxa4 21.
Nxa4 Ra8 22. Nb6 Ra1+ 23. Kd2 Rxd1+ 24. Rxd1 Ba6 25. Ra1 Bb7 26. Ra8+ Bxa8 27.
c8=Q+ Qxc8 28. Nxc8 1-0

[Event "FIDE World Rapid Team"]
[Site "Almaty KAZ"]
[Date "2024.08.03"]
[Round "5.13"]
[White "Sindarov, Javokhir"]
[Black "Orozbaev, Eldiyar"]
[Result "1-0"]
[WhiteTitle "GM"]
[BlackTitle "FM"]
[WhiteElo "2674"]
[BlackElo "2376"]
[WhiteTeam "Royal Chess"]
[BlackTeam "Noval Group Kyrgystan"]
[WhiteFideId "14205483"]
[BlackFideId "13802240"]
[EventDate "2024.08.02"]

1. e4 e6 2. d4 d5 3. exd5 exd5 4. Nf3 Nc6 5. Nc3 Bg4 6. Bb5 Bb4 7. h3 Bh5 8. a3
Bxc3+ 9. bxc3 Ne7 10. O-O O-O 11. Bf4 a6 12. Bd3 Bg6 13. Re1 Qd7 14. Qd2 Rae8
15. Bh2 Nc8 16. Qg5 f6 17. Qg4 Qxg4 18. hxg4 Nd6 19. Bxd6 cxd6 20. Nh4 Bxd3 21.
cxd3 g6 22. Kf1 b5 23. g3 Kf7 24. Ng2 Rxe1+ 25. Kxe1 Ne7 26. Kd2 Rh8 27. Rh1 Nc8
28. Ne3 Nb6 29. Nc2 Ke6 30. Nb4 a5 31. Nc6 h5 32. gxh5 gxh5 33. Rb1 b4 34. cxb4
a4 35. Re1+ Kd7 36. b5 Nc8 37. Kc3 h4 38. gxh4 Rxh4 39. Kb4 Rf4 40. Re2 Rf3 41.
Rd2 Nb6 42. Ka5 Kc7 43. Ka6 Nd7 44. Rc2 Rh3 45. b6+ Nxb6 46. Nb4+ Nc4 47. Nxd5+
Kc6 48. Nb4+ 1-0

[Event "FIDE World Rapid Team"]
[Site "Almaty KAZ"]
[Date "2024.08.03"]
[Round "5.14"]
[White "Zhakshylykov, Erzhan"]
[Black "Yakubboev, Nodirbek"]
[Result "1-0"]
[WhiteTitle "FM"]
[BlackTitle "GM"]
[WhiteElo "2327"]
[BlackElo "2655"]
[WhiteTeam "Noval Group Kyrgystan"]
[BlackTeam "Royal Chess"]
[WhiteFideId "13804111"]
[BlackFideId "14203987"]
[EventDate "2024.08.02"]

1. e4 e5 2. Nf3 Nc6 3. Bb5 a6 4. Ba4 Bc5 5. c3 Nge7 6. O-O Ng6 7. d4 Ba7 8. Bg5
f6 9. Be3 O-O 10. Nbd2 d6 11. Re1 Nce7 12. Bb3+ Kh8 13. a4 Nf4 14. Bxf4 exf4 15.
Bc4 g5 16. h3 Qe8 17. b4 Qg6 18. Qb3 Bd7 19. Be6 Be8 20. Qc4 c6 21. b5 cxb5 22.
Qc7 Qg7 23. axb5 Bxb5 24. Qxd6 h5 25. e5 Rad8 26. exf6 Qxf6 27. Qe5 Ng6 28.
Qxf6+ Rxf6 29. Nxg5 Be8 30. Reb1 Rb8 31. Nde4 Rf8 32. Nd6 f3 33. Nxe8 Rfxe8 34.
Bf7 Nf4 35. Bxe8 Rxe8 36. Rxb7 Ne2+ 37. Kf1 fxg2+ 38. Kxg2 Bb8 39. Rxa6 1-0

[Event "FIDE World Rapid Team"]
[Site "Almaty KAZ"]
[Date "2024.08.03"]
[Round "5.15"]
[White "Vokhidov, Shamsiddin"]
[Black "Sharshenbekov, Emir"]
[Result "1/2-1/2"]
[WhiteTitle "GM"]
[BlackTitle "CM"]
[WhiteElo "2643"]
[BlackElo "2078"]
[WhiteTeam "Royal Chess"]
[BlackTeam "Noval Group Kyrgystan"]
[WhiteFideId "14204223"]
[BlackFideId "13810634"]
[EventDate "2024.08.02"]

1. e4 e6 2. d4 d5 3. Nc3 Nf6 4. Bg5 dxe4 5. Nxe4 Be7 6. Bxf6 Bxf6 7. Nf3 Nd7 8.
Qd2 b6 9. Bb5 Bb7 10. Nxf6+ gxf6 11. O-O-O a6 12. Bc4 b5 13. Bb3 Nb6 14. Rhe1
Qe7 15. Nh4 O-O-O 16. Nf5 Qf8 17. Ne3 h5 18. h4 Qh6 19. Kb1 Rd7 20. Qe2 Qg6 21.
Ka1 Qe4 22. c3 Qxh4 23. Rh1 Qg5 24. Rh3 e5 25. dxe5 Qxe5 26. Rxd7 Nxd7 27. Bxf7
Bxg2 28. f4 Qe7 29. Rxh5 Rxh5 30. Bxh5 Bc6 31. Qf2 Qe4 32. Bd1 Kb7 33. b3 Nc5
34. Bc2 Qh1+ 35. Kb2 Be4 36. Qd2 Bxc2 37. Nxc2 Qe4 38. Nb4 f5 39. Qd5+ Qxd5 40.
Nxd5 c6 41. Ne3 Nd3+ 42. Kc2 Nxf4 43. Nxf5 Kc7 44. Kd2 c5 45. Ke3 Nd5+ 46. Kd3 1/2-1/2

[Event "FIDE World Rapid Team"]
[Site "Almaty KAZ"]
[Date "2024.08.03"]
[Round "5.16"]
[White "Iunusov, Nuriddin"]
[Black "Vakhidov, Jakhongir"]
[Result "1/2-1/2"]
[WhiteTitle "CM"]
[BlackTitle "GM"]
[WhiteElo "1925"]
[BlackElo "2571"]
[WhiteTeam "Noval Group Kyrgystan"]
[BlackTeam "Royal Chess"]
[WhiteFideId "13803026"]
[BlackFideId "14201801"]
[EventDate "2024.08.02"]

1. e4 d5 2. exd5 Qxd5 3. Nc3 Qd6 4. d4 Nf6 5. Be2 g6 6. Nf3 Bg7 7. O-O O-O 8. h3
a6 9. Ne5 Nc6 10. Nxc6 bxc6 11. Bf3 Rb8 12. b3 Bf5 13. Bb2 Nd5 14. Ne4 Bxe4 15.
Bxe4 Rfd8 16. Qf3 Qf6 17. Rad1 Qxf3 18. Bxf3 e6 19. g3 a5 20. Rd2 c5 21. Rfd1
Bh6 22. Re2 Nb6 23. Ree1 c4 24. Ba3 Bf8 25. Bc5 Bd6 26. Bxb6 cxb6 27. bxc4 Rbc8
28. d5 e5 29. Be2 Bb4 30. Rf1 f5 31. a4 Kg7 32. f3 h5 33. Kg2 Kf6 34. Bd3 Re8
35. Rf2 Rcd8 36. Re2 Re7 37. Rb1 Rde8 38. c3 Bc5 39. Rbe1 Bd6 40. Rb1 Bc5 41.
Rbe1 Rd8 42. Bc2 Bd6 43. Rb1 Rb8 44. Bd3 Rc7 45. Rb5 Bc5 46. Rb1 h4 47. g4 Bd6 1/2-1/2

[Event "FIDE World Rapid Team"]
[Site "Almaty KAZ"]
[Date "2024.08.03"]
[Round "5.17"]
[White "Nurman, Alua"]
[Black "Lesbekova, Assel"]
[Result "1/2-1/2"]
[WhiteTitle "WIM"]
[BlackTitle "WCM"]
[WhiteElo "2324"]
[BlackElo "1903"]
[WhiteTeam "Royal Chess"]
[BlackTeam "Noval Group Kyrgystan"]
[WhiteFideId "13729390"]
[BlackFideId "13713248"]
[EventDate "2024.08.02"]

1. e4 e5 2. Nf3 Nf6 3. Nxe5 Nxe4 4. Qe2 Qe7 5. Qxe4 d6 6. d4 dxe5 7. dxe5 Nc6 8.
Bb5 Bd7 9. O-O O-O-O 10. Nc3 Nxe5 11. Be3 Bxb5 12. Nxb5 a6 13. Nc3 Nc6 14. Qc4
Qe6 15. Qxe6+ fxe6 16. Bg5 Rd7 17. Ne2 e5 18. Be3 Nb4 19. Rfc1 Nd5 20. Bg5 Be7
21. Bxe7 Nxe7 22. Ng3 Rhd8 23. Re1 Nc6 24. Rac1 Re7 25. h3 Rde8 26. Ne4 Nb4 27.
a3 Nd5 28. Rcd1 Nf6 29. Nc5 e4 30. Re3 a5 31. Na4 c6 32. Nc3 b5 33. Rde1 b4 34.
axb4 axb4 35. Na4 Nd5 36. Rb3 e3 37. fxe3 Rxe3 38. Rexe3 Rxe3 39. Rxe3 Nxe3 40.
c3 bxc3 41. Nxc3 Nc4 42. Nd1 Kd7 43. Kf2 Kd6 44. Ke2 Kc5 45. Kd3 Ne5+ 46. Ke4
Nc4 47. Kd3 Ne5+ 48. Ke4 Nc4 1/2-1/2

[Event "FIDE World Rapid Team"]
[Site "Almaty KAZ"]
[Date "2024.08.03"]
[Round "5.18"]
[White "Nurdin Uulu, Sardarbek"]
[Black "Khassenov, Mansur"]
[Result "0-1"]
[WhiteElo "1908"]
[BlackElo "1982"]
[WhiteTeam "Noval Group Kyrgystan"]
[BlackTeam "Royal Chess"]
[WhiteFideId "13800183"]
[BlackFideId "13768700"]
[EventDate "2024.08.02"]

1. d4 Nf6 2. Bf4 d5 3. c3 c5 4. e3 Nc6 5. Nf3 Qb6 6. Na3 a6 7. Rb1 c4 8. b4 Bf5
9. Nc2 Ne4 10. Qc1 Nxc3 11. Rb2 e6 12. Nd2 Na4 13. Rb1 Nxb4 14. e4 Bxe4 15. Nxe4
dxe4 16. a3 Nxc2+ 17. Qxc2 Qa5+ 18. Bd2 c3 19. Bc1 Nb2 20. Be2 Nd3+ 21. Kf1 b5
22. Bxd3 exd3 23. Qxd3 Bxa3 24. Bf4 O-O 25. Rb3 b4 26. f3 Qd5 27. Rb1 Rfc8 28.
Kf2 c2 29. Rb3 a5 30. Bc1 Bxc1 31. Rxc1 Qc4 32. Qe3 a4 33. Rb2 b3 34. g4 Qc3 35.
Qxc3 Rxc3 36. Ke2 a3 37. Rxb3 Rxb3 38. Rxc2 a2 0-1

[Event "FIDE World Rapid Team"]
[Site "Almaty KAZ"]
[Date "2024.08.03"]
[Round "5.19"]
[White "Gurel, Ediz"]
[Black "Isanzhulov, Arystan"]
[Result "1-0"]
[WhiteTitle "GM"]
[BlackTitle "IM"]
[WhiteElo "2602"]
[BlackElo "2401"]
[WhiteTeam "Rookies"]
[BlackTeam "Teniz Kazakhstan"]
[WhiteFideId "44507356"]
[BlackFideId "13711644"]
[EventDate "2024.08.02"]

1. e4 e5 2. Nf3 Nf6 3. d4 Nxe4 4. Bd3 d5 5. Nxe5 Nd7 6. Nc3 Bb4 7. O-O Nxe5 8.
dxe5 Nxc3 9. bxc3 Bxc3 10. Rb1 O-O 11. Bxh7+ Kxh7 12. Qd3+ Kg8 13. Qxc3 a5 14.
Qd3 d4 15. f4 Re8 16. f5 Rxe5 17. f6 Qd5 18. Bf4 Rf5 19. fxg7 b6 20. Bxc7 Bb7
21. Qd2 Rxf1+ 22. Rxf1 b5 23. Bb6 b4 24. Bxd4 Re8 25. Rd1 Rd8 26. h3 Rd6 27. Qf2
Qe4 28. Rd2 Bc6 29. Kh2 Bb7 30. Bf6 Rxd2 31. Qxd2 Bd5 32. Qg5 Bc6 33. Be5 Be8
34. Qe7 Kh7 35. Qxe8 1-0

[Event "FIDE World Rapid Team"]
[Site "Almaty KAZ"]
[Date "2024.08.03"]
[Round "5.20"]
[White "Ismagambetov, Anuar"]
[Black "Samadov, Read"]
[Result "0-1"]
[WhiteTitle "GM"]
[BlackTitle "IM"]
[WhiteElo "2520"]
[BlackElo "2509"]
[WhiteTeam "Teniz Kazakhstan"]
[BlackTeam "Rookies"]
[WhiteFideId "13701525"]
[BlackFideId "13417444"]
[EventDate "2024.08.02"]

1. e4 c5 2. Nf3 d6 3. d4 cxd4 4. Nxd4 Nf6 5. Nc3 a6 6. Bg5 Nbd7 7. f4 Qa5 8. Nb3
Qc7 9. Qe2 e6 10. O-O-O b5 11. a3 Bb7 12. g4 Be7 13. Bg2 h6 14. Bh4 g5 15. fxg5
Nh7 16. Bg3 hxg5 17. e5 dxe5 18. Rxd7 Qxd7 19. Rd1 Qc8 20. Bxe5 O-O 21. Ne4 Qc4
22. Qe3 Rac8 23. Bc3 Rfd8 24. Ned2 Qc7 25. Bxb7 Qxb7 26. Kb1 b4 27. axb4 Bxb4
28. Bxb4 Qxb4 29. Rf1 Qxg4 30. Rg1 Qf5 31. Ne4 Rc4 32. Nbc5 Rd5 0-1